000 00518nam a2200181Ia 4500
005 20250508153236.0
008 008 250505s9999 xx 000 0 eng d
037 _aTextual
040 _aFEDL
_beng
_cFEDL
041 _aeng
_2eng
084 _a378, EST
_qFEDL
100 _aEstrin Herman A
_9763495
245 0 _aHigher education in engineering and science
260 _aNew York, USA
_bMcGraw-Hill Book Company
_c1963
300 _axv,548p.
942 _cTEXL
_h378, EST
999 _c1341469
_d1341469